Wellness hotel

Salvato in:
Dettagli Bibliografici
Autore principale: Ogurčák, Šimon (Autore)
Altri autori: Puškár, Anton (Relatore della tesi)
Natura: Manoscritto Libro
Lingua:slovacco
Pubblicazione: 2015
Soggetti:
Accesso online:http://is.stuba.sk/zp/portal_zp.pl?podrobnosti=109720
https://opac.crzp.sk/?fn=detailBiblioForm&sid=78283B71680DBAF21443D31D22D4
Tags: Aggiungi Tag
Nessun Tag, puoi essere il primo ad aggiungerne!!

MARC

LEADER 00000ntm a22000003a 4500
001 stuzp51127
003 SK-STU
005 20231026094239.2
007 ta
008 150427s2015----xo-----f-mn---000-0-slo-d
040 |a STU  |b slo 
041 0 |a slo 
100 1 |a Ogurčák, Šimon  |u 010180  |4 aut  |U SvF Stavebná fakulta  |T SvF Katedra konštrukcií pozemných stavieb  |X 67570  |U V180  |Y 18  |7 A000067570 
242 0 1 |a Wellness Hotel  |y eng 
245 1 0 |a Wellness hotel 
260 |c 2015 
650 4 |a wellness  |2 slo 
650 4 |a alternatívne zdroje energie  |2 slo 
650 4 |a pavívny hotel  |2 slo 
650 4 |a wellness  |2 eng 
650 4 |a alternative sources of energy  |2 eng 
650 4 |a passive hotel  |2 eng 
700 1 |a Puškár, Anton  |4 ths  |X 747  |7 A000000747 
856 4 |u http://is.stuba.sk/zp/portal_zp.pl?podrobnosti=109720 
856 4 |u https://opac.crzp.sk/?fn=detailBiblioForm&sid=78283B71680DBAF21443D31D22D4 
SQL |a stuzp51127  |b DDP  |c SLO  |d Wellness hotel  |e 67570  |f Ogurčák, Šimon  |g 010180  |h 747  |i Puškár, Anton  |j 20150618  |k 8  |l 01  |m http://is.stuba.sk/zp/portal_zp.pl?podrobnosti=109720  |n I-AKP  |o 5.1.4. pozemné stavby